Предпосылки создания консолидированных групп налогоплательщиков в Российской Федерации; Современные проблемы науки и образования; № 3
| Parent link: | Современные проблемы науки и образования.— , 2005- № 3.— 2014.— [7 c.] |
|---|---|
| প্রধান লেখক: | |
| সংস্থা লেখক: | |
| অন্যান্য লেখক: | , |
| সংক্ষিপ্ত: | Заглавие с экрана Выявлены и систематизированы причины и этапы создания закона о консолидированной группе налогоплательщиков. Механизм налогообложения консолидированных групп налогоплательщиков обеспечит сбалансированность интересов всех взаимодействующих сторон для повышения синергетического эффекта от данного особого режима налогообложения и обеспечения более справедливого распределения налоговых доходов между территориями, исходя из интересов населения, проживающего на территории непосредственной добычи невоспроизводимых природных ресурсов или техногенного производственного воздействия. Основная часть налоговых платежей будет уходить в тот регион присутствия компании, где высока доля производственных активов (по умолчанию предполагается, что каждый участник холдинга – доходный). Режим доступа: по договору с организацией-держателем ресурса |
| ভাষা: | রুশ |
| প্রকাশিত: |
2014
|
| মালা: | Экономические науки |
| বিষয়গুলি: | |
| অনলাইন ব্যবহার করুন: | http://www.science-education.ru/117-13634 http://elibrary.ru/item.asp?id=21727759 |
| বিন্যাস: | বৈদ্যুতিক গ্রন্থের অধ্যায় |
| KOHA link: | https://koha.lib.tpu.ru/cgi-bin/koha/opac-detail.pl?biblionumber=637524 |
MARC
| LEADER | 00000nla0a2200000 4500 | ||
|---|---|---|---|
| 001 | 637524 | ||
| 005 | 20250422103329.0 | ||
| 035 | |a (RuTPU)RU\TPU\network\1676 | ||
| 090 | |a 637524 | ||
| 100 | |a 20140924d2014 k||y0rusy50 ca | ||
| 101 | 0 | |a rus | |
| 102 | |a RU | ||
| 135 | |a drcn ---uucaa | ||
| 181 | 0 | |a i | |
| 182 | 0 | |a b | |
| 200 | 1 | |a Предпосылки создания консолидированных групп налогоплательщиков в Российской Федерации |f Ф. Г. Бабаева, К. А. Баннова, А. Б. Жданова | |
| 203 | |a Текст |c электронный | ||
| 225 | 1 | |a Экономические науки | |
| 300 | |a Заглавие с экрана | ||
| 320 | |a [Библиогр.: 9 назв.] | ||
| 330 | |a Выявлены и систематизированы причины и этапы создания закона о консолидированной группе налогоплательщиков. Механизм налогообложения консолидированных групп налогоплательщиков обеспечит сбалансированность интересов всех взаимодействующих сторон для повышения синергетического эффекта от данного особого режима налогообложения и обеспечения более справедливого распределения налоговых доходов между территориями, исходя из интересов населения, проживающего на территории непосредственной добычи невоспроизводимых природных ресурсов или техногенного производственного воздействия. Основная часть налоговых платежей будет уходить в тот регион присутствия компании, где высока доля производственных активов (по умолчанию предполагается, что каждый участник холдинга – доходный). | ||
| 333 | |a Режим доступа: по договору с организацией-держателем ресурса | ||
| 461 | |t Современные проблемы науки и образования |d 2005- | ||
| 463 | |t № 3 |v [7 c.] |d 2014 | ||
| 610 | 1 | |a электронный ресурс | |
| 610 | 1 | |a труды учёных ТПУ | |
| 610 | 1 | |a налогоплательщики | |
| 610 | 1 | |a налоговая система | |
| 610 | 1 | |a налогообложение | |
| 700 | 1 | |a Бабаева |b Ф. Г. | |
| 701 | 1 | |a Баннова |b К. А. |c экономист |c ассистент Томского политехнического университета |f 1987- |g Кристина Алексеевна |3 (RuTPU)RU\TPU\pers\32692 | |
| 701 | 1 | |a Жданова |b А. Б. |c экономист |c доцент Томского политехнического университета, кандидат экономических наук |f 1971- |g Анна Борисовна |3 (RuTPU)RU\TPU\pers\27971 |9 12961 | |
| 712 | 0 | 2 | |a Национальный исследовательский Томский политехнический университет (ТПУ) |b Институт социально-гуманитарных технологий (ИСГТ) |b Кафедра менеджмента (МЕН) |3 (RuTPU)RU\TPU\col\18855 |
| 801 | 2 | |a RU |b 63413507 |c 20150605 |g RCR | |
| 850 | |a 63413507 | ||
| 856 | 4 | |u http://www.science-education.ru/117-13634 | |
| 856 | 4 | |u http://elibrary.ru/item.asp?id=21727759 | |
| 942 | |c CF | ||